000 01303nam a2200253 a 4500
001
003 DO-SdBNP
005 20211026112751.0
007 000044163
008 140603s1983 dr a 000 0 spa d
040 _aBPMSU
_bspa
_cBPMSU
082 _a923.27293
_bC111H 1983
_222
100 1 _aHermann, Hamlet
_d1934-2016
245 1 0 _aFrancis Caamaño /
_cHamlet Hermann
_b
260 _aSanto Domingo :
_bAlfa y Omega,
_c1983
300 _a465, [7] p. :
_bil., retrs. ;
_c23 cm.
500 _aIncluye índice
505 _aOrigen de la familia Caamaño -- El oficial Caamaño Medina -- Francis inicia la carrera militar -- Paréntesis histórico -- Consejo de Estado -- Palma Sola -- Gobierno constitucional y cuartelazo -- Militares constitucionalistas -- Guerra civil -- Guerra patriótica -- Negociación y agresión -- La Academia Militar 24 de Abril -- Continúan las negociaciones -- Caamaño renuncia a la presidencia de la República -- Epílogo al conflicto armado -- Hotel Matum -- Londres 1966 y 1967 -- En Cuba (de 1967 a 1970) -- En Cuba (desde 1970) -- Repatriación.
590 _6Inventariado, 2021/VM
600 1 4 _aCaamaño Deñó, Francisco Alberto
_d1932-1973
651 4 _aRepública Dominicana
_xHistoria
_vRevolución, 1965
910 _aVMateo V:
942 _2ddc
_cBK
999 _c13448
_d13448